The Natural Features of America - Sudden Death - Statistics

General Stats
  • This quiz has been taken 23 times
  • The average score is 7 of 15
Answers on the Grid
Answers color-coded by a green-red scale on the quiz's grid according to % correct below.
Devil's Tower
Mississippi River
Lake Okeechobee
Palo Duro Canyon
Grand Canyon
Sierra Nevada
Mount Denali
Lake Superior
Nueces River
Great Salt Lake
Arkansas River
Florida Keys
Monument Valley
Pecos River
Channel Islands
Santa Barbara Islands
Mount Roosevelt
Lake Montpelier
Great Colorado Canyons
Stoned Valley
Louisiana River
Mount Edwards
The Great Carolinian Marshland
Mount Kauna-loa
South Delaware Keys
Lake Erie Islands
Mobile Swamps
Mount Francisco
Juneau Island
Tulsa Mountains
 
Answer Stats
Answer % Correct
Lake Superior
85%
Florida Keys
77%
Sierra Nevada
77%
Grand Canyon
69%
Mississippi River
62%
Great Salt Lake
54%
Monument Valley
54%
Mount Denali
46%
Devil's Tower
38%
Channel Islands
23%
Lake Okeechobee
23%
Arkansas River
15%
Pecos River
15%
Nueces River
8%
Palo Duro Canyon
8%
No matching quizzes found
Score Distribution
Percent of People with Each Score
Percentile by Number Answered
Your Score History
You have not taken this quiz